000 01052nam a2200277 a 4500
001 7328
003 BD-RjUL
005 20211208234411.0
008 160922s1963 gw a b 001 0 eng
035 _a(BD-RjUL)7371
040 _aDLC/ICU
_cICU
_dDLC
_dBD-RjUL
_beng
041 _aeng
082 0 0 _a515.7242
_bHOL 1963
_223
100 1 _aHörmander, Lars.
_921671
245 1 0 _aLinear partial differential operators /
_cLars Hörmander
260 _aBerlin :
_bSpringer,
_cc1963.
300 _avii, 284 p. ;
_c23 cm.
490 1 _aDie Grundlehren der mathematischen Wissenschaften in Einzeldarstellungen mit besonderer Berücksichtigung der Anwendungsgebiete,
_vBd. 116
504 _aIncludes bibliography and index.
650 0 _aDifferential equations, Partial.
_922877
650 0 _aPartial differential operators.
_922878
830 0 _vBd. 116.
_9157263
830 0 _aGrundlehren der mathematischen Wissenschaften in Einzeldarstellungen mit besonderer Berücksichtigung der Anwendungsgebiete ;
_9151001
942 _2ddc
_cBK
999 _c7328
_d7328